[Event "18th Neckar Open 2014"]
[Site "Deizisau GER"]
[Date "2014.04.19"]
[Round "4.10"]
[White "Studer, Noel"]
[Black "Poetsch, Hagen"]
[Result "1-0"]
[WhiteTitle "FM"]
[BlackTitle "IM"]
[WhiteElo "2336"]
[BlackElo "2482"]
[WhiteFideId "1319620"]
[BlackFideId "24615137"]
[EventDate "2014.04.17"]

1. e4 e6 2. d4 d5 3. Nd2 Be7 4. Ngf3 Nf6 5. e5 Nfd7 6. Bd3 c5 7. c3 Nc6 8. O-O
a5 9. Re1 cxd4 10. cxd4 g5 11. h3 h5 12. Nf1 g4 13. hxg4 hxg4 14. N3h2 Bb4 15.
Re3 f5 16. exf6 Nxf6 17. Nxg4 Nxg4 18. Qxg4 Qf6 19. Rf3 Qxd4 20. Qg6+ Kd7 21.
Bg5 Be7 22. Rf7 Kd8 23. Rc1 Re8 24. Be3 Qb4 25. a3 Qxb2 26. Rb1 Qxa3 27. Bb6+
Kd7 28. Re1 Qd6 29. Ng3 Rh8 30. Rxe6 Qxe6 31. Bf5 Kd6 32. Bxe6 Bxe6 33. Nf5+ Kd7
34. Rg7 Rhg8 35. Nxe7 Nxe7 36. Bc5 Rae8 37. Qb1 Rxg7 38. Qxb7+ Kd8 39. Bb6# 1-0

[Event "18th Neckar Open 2014"]
[Site "Deizisau GER"]
[Date "2014.04.19"]
[Round "4.11"]
[White "Osmanodja, Filiz"]
[Black "Skembris, Spyridon"]
[Result "1/2-1/2"]
[WhiteTitle "WIM"]
[BlackTitle "GM"]
[WhiteElo "2269"]
[BlackElo "2451"]
[WhiteFideId "24633569"]
[BlackFideId "4200020"]
[EventDate "2014.04.17"]

1. e4 e5 2. Nf3 Nc6 3. Bb5 Nge7 4. O-O g6 5. c3 a6 6. Ba4 Bg7 7. d4 b5 8. Bb3 d6
9. a4 Bd7 10. dxe5 Nxe5 11. Nxe5 dxe5 12. axb5 Bxb5 13. Qf3 O-O 14. Rd1 Qe8 15.
Be3 Kh8 16. Bc5 f5 17. exf5 gxf5 18. Nd2 Rb8 19. Qe3 e4 20. f3 Bd3 21. fxe4 fxe4
22. Nxe4 Bxe4 23. Qxe4 Rxb3 24. Bxe7 Rxb2 25. Rd8 Qxd8 26. Bxd8 Rxd8 27. Qc6 Rc2
28. Qxc7 Rg8 29. Qb7 1/2-1/2

[Event "18th Neckar Open 2014"]
[Site "Deizisau GER"]
[Date "2014.04.19"]
[Round "4.12"]
[White "Wenninger, Philipp"]
[Black "Gutman, Lev"]
[Result "1/2-1/2"]
[BlackTitle "GM"]
[WhiteElo "2237"]
[BlackElo "2449"]
[WhiteFideId "4648404"]
[BlackFideId "4600177"]
[EventDate "2014.04.17"]

1. d4 Nf6 2. Bg5 Ne4 3. Bf4 d5 4. f3 Nf6 5. e4 g6 6. e5 Nfd7 7. Be3 c5 8. c3 Bg7
9. f4 cxd4 10. cxd4 Nc6 11. Nc3 Nb6 12. Nf3 O-O 13. b3 a5 14. Be2 a4 15. O-O Bf5
16. Qd2 Ra5 17. Bd3 Qd7 18. Nh4 Bxd3 19. Qxd3 Qg4 20. g3 f6 21. b4 Raa8 22. Qb5
fxe5 23. dxe5 d4 24. Bxd4 Nxd4 25. Qxb6 g5 26. Qxd4 gxh4 27. Qe3 hxg3 28. hxg3
h5 29. Rad1 h4 30. Rd2 Ra6 31. Rg2 Rg6 32. Nd5 Qe6 33. f5 Qxd5 34. fxg6 Rxf1+
35. Kxf1 Bxe5 36. gxh4 Qd1+ 37. Qe1 Qf3+ 38. Qf2 Qd1+ 39. Qe1 Qf3+ 40. Kg1 Qf4
41. Kh1 Qf5 42. Qe3 Qb1+ 43. Rg1 Qb2 44. Qh3 Qxa2 45. Rd1 Qc4 46. h5 Qe4+ 47.
Kg1 Bd4+ 48. Kf1 Kg7 49. Rd3 Kh6 50. Qf3 1/2-1/2

[Event "18th Neckar Open 2014"]
[Site "Deizisau GER"]
[Date "2014.04.19"]
[Round "4.13"]
[White "Enchev, Ivajlo"]
[Black "Perske, Thore"]
[Result "1/2-1/2"]
[WhiteTitle "IM"]
[WhiteElo "2443"]
[BlackElo "2170"]
[WhiteFideId "2907712"]
[BlackFideId "12902195"]
[EventDate "2014.04.17"]

1. d4 Nf6 2. c4 g6 3. Nc3 Bg7 4. e4 d6 5. Nf3 O-O 6. Be2 e5 7. O-O Nc6 8. d5 Ne7
9. Ne1 Nd7 10. f3 f5 11. g4 Kh8 12. Nd3 Ng8 13. Kg2 Rf7 14. Be3 Bh6 15. Qd2 Qh4
16. Bxh6 Nxh6 17. Qe1 Qe7 18. Qd2 Ng8 19. Qe3 f4 20. Qf2 h5 21. h3 Rh7 22. Rh1
Nf8 23. c5 Bd7 24. a4 a6 25. cxd6 cxd6 26. b4 Rc8 27. Rac1 Kg7 28. b5 hxg4 29.
hxg4 Rxh1 30. Kxh1 axb5 31. Nxb5 Rxc1+ 32. Nxc1 Bxb5 33. Bxb5 Qc7 34. Ne2 Nf6
35. Qa7 N8d7 36. Ng1 Nc5 37. a5 Nh7 38. Bc6 Qe7 39. Bxb7 Qh4+ 40. Kg2 Qg3+ 41.
Kf1 Ng5 42. Ba6+ 1/2-1/2

[Event "18th Neckar Open 2014"]
[Site "Deizisau GER"]
[Date "2014.04.19"]
[Round "4.14"]
[White "Iturrizaga Bonelli, Eduardo"]
[Black "Gaehwiler, Gabriel"]
[Result "1-0"]
[WhiteTitle "GM"]
[BlackTitle "FM"]
[WhiteElo "2635"]
[BlackElo "2330"]
[WhiteFideId "3901211"]
[BlackFideId "1314530"]
[EventDate "2014.04.17"]

1. Nf3 Nf6 2. c4 g6 3. Nc3 Bg7 4. g3 O-O 5. Bg2 d6 6. d4 Nc6 7. O-O a6 8. h3 Bd7
9. e4 e5 10. Be3 Qc8 11. d5 Na5 12. Nd2 c5 13. dxc6 Nxc6 14. Na4 Rb8 15. Nb6 Qc7
16. Nb3 Be6 17. Rc1 Nd7 18. Nd5 Qd8 19. Qd2 b6 20. Na1 Nd4 21. Bxd4 exd4 22. Nc2
Bxd5 23. cxd5 Qf6 24. Nb4 Nc5 25. Nc6 Rbe8 26. Rfe1 g5 27. Rc4 Kh8 28. Rxd4 Qg6
29. b4 Nd7 30. Rc4 f5 31. exf5 Qxf5 32. Rce4 Rxe4 33. Rxe4 Nf6 34. Re6 Qb1+ 35.
Re1 Qg6 36. Ne7 Qh5 37. g4 Qh6 38. Re6 Re8 39. Qe3 Bf8 40. Nf5 Qg6 41. Rxf6 1-0

[Event "18th Neckar Open 2014"]
[Site "Deizisau GER"]
[Date "2014.04.19"]
[Round "5.1"]
[White "Epishin, Vladimir"]
[Black "Rapport, Richard"]
[Result "1/2-1/2"]
[WhiteTitle "GM"]
[BlackTitle "GM"]
[WhiteElo "2546"]
[BlackElo "2698"]
[WhiteFideId "4162714"]
[BlackFideId "738590"]
[EventDate "2014.04.17"]

1. d4 Nf6 2. Nf3 d6 3. c4 g6 4. Nc3 Bg7 5. e4 O-O 6. Be2 Nbd7 7. O-O e5 8. Re1
Re8 9. d5 a5 10. Rb1 Nc5 11. Bg5 h6 12. Bxf6 Qxf6 13. b3 Bd7 14. a3 Qe7 15. Nd2
h5 16. b4 axb4 17. axb4 Na4 18. Qc2 Bh6 19. Nd1 h4 20. Ne3 Rf8 21. Bd3 Bf4 22.
Ndf1 Bxe3 23. Nxe3 c5 24. dxc6 Bxc6 25. Rec1 Rfc8 26. Be2 Nb6 27. Bg4 Bd7 28.
Bxd7 Nxd7 29. Nd5 Qd8 30. h3 Nf6 31. Qd3 Nxd5 32. Qxd5 Qe7 33. c5 Rc6 34. Rc2
Ra3 35. Rd1 Qg5 36. b5 Rxc5 37. Rxc5 dxc5 38. Qxc5 Rb3 39. Qc4 Rb2 40. Qc8+ Kg7
41. Qxb7 Qf4 42. Rf1 g5 43. Qd5 Kg6 44. Qc6+ Kg7 45. Qd5 Kg6 46. Qc6+ Kg7 47.
Qd5 1/2-1/2

[Event "18th Neckar Open 2014"]
[Site "Deizisau GER"]
[Date "2014.04.19"]
[Round "5.2"]
[White "Bachmann, Axel"]
[Black "Nikolov, Momchil"]
[Result "1/2-1/2"]
[WhiteTitle "GM"]
[BlackTitle "GM"]
[WhiteElo "2598"]
[BlackElo "2515"]
[WhiteFideId "3700488"]
[BlackFideId "2905710"]
[EventDate "2014.04.17"]

1. Nf3 Nf6 2. d4 e6 3. c4 b6 4. Nc3 Bb7 5. Bg5 Be7 6. Qc2 d5 7. Bxf6 Bxf6 8.
cxd5 exd5 9. e3 O-O 10. Be2 c5 11. O-O cxd4 12. Nxd4 Bxd4 13. exd4 Ba6 14. Bxa6
Nxa6 15. Qa4 Nc7 16. Rfe1 Qd6 17. g3 a6 18. Re3 Rfe8 19. Rae1 Rxe3 20. Rxe3 Kf8
21. Qc2 g6 22. Qe2 b5 23. Qg4 Kg7 24. Qf3 Ne6 25. Nxd5 Nxd4 26. Qe4 Nf5 27. Rd3
Rc8 28. b3 Qe6 29. Qxe6 fxe6 30. Nb6 Rc7 31. a4 bxa4 32. bxa4 g5 33. Kg2 h5 34.
Rd7+ Rxd7 35. Nxd7 Nd4 36. Nc5 a5 37. Nb7 Ne2 38. Nc5 Nd4 39. Nb7 Ne2 40. Kf3
Nc3 41. Nc5 Kg6 42. g4 hxg4+ 43. Kxg4 e5 44. f3 Nd5 45. Nb7 Ne3+ 46. Kg3 Nc4 47.
Kg4 Ne3+ 48. Kg3 Nc4 1/2-1/2

[Event "18th Neckar Open 2014"]
[Site "Deizisau GER"]
[Date "2014.04.19"]
[Round "5.3"]
[White "Kunin, Vitaly"]
[Black "Jugelt, Tobias"]
[Result "1-0"]
[WhiteTitle "GM"]
[BlackTitle "IM"]
[WhiteElo "2554"]
[BlackElo "2411"]
[WhiteFideId "4128737"]
[BlackFideId "4626150"]
[EventDate "2014.04.17"]

1. d4 d5 2. c4 c6 3. Nf3 Nf6 4. Nc3 e6 5. Qd3 Nbd7 6. g3 Be7 7. Bg2 O-O 8. O-O
b6 9. b3 Bb7 10. Bb2 c5 11. cxd5 Nxd5 12. Nxd5 Bxd5 13. e4 Bb7 14. Rad1 Nf6 15.
Ng5 e5 16. d5 Bd6 17. Rfe1 Nh5 18. Nf3 Qe7 19. Nh4 g6 20. f4 f6 21. Bh3 Bc8 22.
Be6+ Bxe6 23. dxe6 Rfd8 24. f5 Ng7 25. Qf3 Rac8 26. Kh1 c4 27. bxc4 Rxc4 28. Ng2
Bc5 29. Rxd8+ Qxd8 30. Qb3 b5 31. Qxb5 Rb4 32. Qxc5 Rxb2 33. Qxa7 gxf5 34. Qf7+
Kh8 35. e7 Qg8 36. Qxf6 1-0

[Event "18th Neckar Open 2014"]
[Site "Deizisau GER"]
[Date "2014.04.19"]
[Round "5.4"]
[White "Studer, Noel"]
[Black "Brunello, Sabino"]
[Result "0-1"]
[WhiteTitle "FM"]
[BlackTitle "GM"]
[WhiteElo "2336"]
[BlackElo "2575"]
[WhiteFideId "1319620"]
[BlackFideId "813613"]
[EventDate "2014.04.17"]

1. e4 c6 2. d4 d5 3. e5 Bf5 4. Nf3 e6 5. Be2 Ne7 6. O-O Nd7 7. Nbd2 h6 8. c4
dxc4 9. Nxc4 Nd5 10. a4 N7b6 11. Ne3 Nxe3 12. fxe3 a5 13. Qe1 Be7 14. Qg3 O-O
15. e4 Bg6 16. Be3 Kh8 17. Qg4 Nd7 18. Bc4 Bh7 19. Rac1 Qb6 20. b3 Rae8 21. Rce1
Qd8 22. Rd1 f5 23. exf5 exf5 24. Qh5 Nb6 25. Bf7 Nd5 26. Bd2 Rxf7 27. Qxf7 Rf8
28. Qh5 Qb6 29. Kh1 Qxb3 30. Rb1 Qd3 31. Rfd1 Qa6 32. e6 f4 33. Ne5 Bxb1 34.
Rxb1 Rf6 35. Qe8+ Kh7 36. Nd7 Qd3 37. Rg1 Qxd2 38. Nxf6+ Bxf6 39. Qf7 Ne7 40. h3
Qxd4 0-1

[Event "18th Neckar Open 2014"]
[Site "Deizisau GER"]
[Date "2014.04.19"]
[Round "5.5"]
[White "Laznicka, Viktor"]
[Black "Zelbel, Patrick"]
[Result "1-0"]
[WhiteTitle "GM"]
[BlackTitle "IM"]
[WhiteElo "2673"]
[BlackElo "2405"]
[WhiteFideId "316385"]
[BlackFideId "24624322"]
[EventDate "2014.04.17"]

1. e4 c5 2. Nf3 d6 3. c3 Nf6 4. Be2 Nbd7 5. Qc2 Qc7 6. O-O b6 7. d4 cxd4 8. Bg5
e5 9. Bxf6 Nxf6 10. Bb5+ Bd7 11. Bxd7+ Nxd7 12. Qa4 Be7 13. cxd4 exd4 14. Nxd4
O-O 15. Nc3 Rfe8 16. Nd5 Qb7 17. Rac1 Nc5 18. Qc6 Qxc6 19. Nxc6 Bg5 20. Rc2 Bd8
21. f3 b5 22. Rd1 Ne6 23. Kf1 a6 24. Ne3 g6 25. Rxd6 Bc7 26. Rd7 1-0

[Event "18th Neckar Open 2014"]
[Site "Deizisau GER"]
[Date "2014.04.19"]
[Round "5.6"]
[White "Zeller, Frank"]
[Black "Iturrizaga Bonelli, Eduardo"]
[Result "0-1"]
[WhiteTitle "IM"]
[BlackTitle "GM"]
[WhiteElo "2425"]
[BlackElo "2635"]
[WhiteFideId "4613007"]
[BlackFideId "3901211"]
[EventDate "2014.04.17"]

1. e4 c5 2. Nf3 e6 3. d4 cxd4 4. Nxd4 Nc6 5. Nc3 Qc7 6. Be2 Nf6 7. Be3 Be7 8.
O-O O-O 9. f4 d6 10. Kh1 a6 11. Qe1 Nxd4 12. Bxd4 b5 13. e5 dxe5 14. fxe5 Nd7
15. Ne4 Bb7 16. Nf6+ Nxf6 17. exf6 Bxf6 18. Rxf6 Rfd8 19. Bh5 gxf6 20. Bxf6 Qf4
21. Bxd8 Rxd8 22. Rd1 Rd5 23. Bf3 Re5 24. Qg3+ Qxg3 25. hxg3 Bxf3 26. gxf3 Re3
27. Rd6 Re1+ 28. Kg2 Re2+ 29. Kh3 Rxc2 30. Rxa6 Rxb2 31. a4 Rb3 32. f4 b4 33.
Rb6 Kg7 34. a5 Kg6 35. a6 Ra3 36. Rxb4 Rxa6 37. Rb5 f6 38. g4 Ra3+ 39. Kg2 Rd3
40. Kf2 Rd5 41. Rb6 h5 42. gxh5+ Kf5 43. h6 Rd2+ 44. Kg3 Rd3+ 45. Kg2 Rd7 46.
Kf3 Rd3+ 47. Kg2 Rd8 48. Kf3 Rh8 49. Rb5+ Kg6 50. Rb6 Kf5 51. Rb5+ Kg6 52. Rb6
Rxh6 53. Rxe6 Kf5 54. Ra6 Rh3+ 55. Ke2 Rb3 56. Kf2 Rc3 57. Rb6 Rh3 58. Ke2 Rh4
59. Ke3 Rh1 60. Kf3 Rf1+ 61. Kg3 Rd1 62. Kf3 Rd3+ 63. Kg2 Ra3 64. Kf2 Rh3 65.
Ra6 Rh4 66. Ke3 Rh6 67. Kf3 Rh3+ 68. Kf2 Rd3 69. Rb6 Kg6 70. Ke2 Ra3 71. Kf2 Kf5
72. Rc6 Ra4 73. Kg3 Rd4 74. Ra6 Rd1 75. Kf3 Rf1+ 76. Kg3 Rd1 77. Kf3 Rd3+ 78.
Kf2 Kg6 79. Ke2 Rh3 80. Kf2 Kf5 81. Kg2 Rh4 82. Ra5+ Kg4 83. f5 Rh8 84. Ra4+ Kg5
85. Ra7 Rb8 86. Rg7+ Kf4 87. Ra7 Rb2+ 88. Kf1 Kxf5 89. Ra3 Kg4 90. Rc3 f5 91.
Ra3 Rh2 92. Kg1 Rc2 93. Kf1 Rd2 94. Rb3 Kf4 95. Ra3 Rh2 96. Kg1 Re2 97. Kf1 Re3
98. Ra5 Re5 99. Ra3 Re3 100. Ra5 Rb3 101. Rc5 Ke4 102. Rc8 Kf3 103. Kg1 f4 104.
Ra8 Rc3 105. Rf8 Ra3 106. Rf7 Ra2 107. Rf8 Ra1+ 108. Kh2 Rf1 109. Rf7 Ke2 110.
Re7+ Kf2 111. Ra7 Rd1 112. Kh3 Rd3+ 113. Kg4 f3 114. Ra2+ Kg1 0-1

[Event "18th Neckar Open 2014"]
[Site "Deizisau GER"]
[Date "2014.04.19"]
[Round "5.7"]
[White "Foisor, Cristina-Adela"]
[Black "Piorun, Kacper"]
[Result "0-1"]
[WhiteTitle "IM"]
[BlackTitle "GM"]
[WhiteElo "2385"]
[BlackElo "2580"]
[WhiteFideId "1200496"]
[BlackFideId "1130420"]
[EventDate "2014.04.17"]

1. c4 e5 2. g3 h5 3. h4 Nc6 4. Bg2 Bc5 5. Nc3 d6 6. d3 Nge7 7. a3 a6 8. b4 Ba7
9. Bb2 Rb8 10. Rc1 Bg4 11. Nf3 Qd7 12. Ne4 f6 13. O-O O-O 14. Nh2 Bh3 15. e3
Bxg2 16. Kxg2 d5 17. Nd2 Qe8 18. b5 axb5 19. cxb5 Nd8 20. a4 Bb6 21. Ba3 Ne6 22.
Nb3 Ra8 23. Nc5 Bxc5 24. Bxc5 b6 25. Bb4 Qf7 26. Ra1 Rfe8 27. Qf3 c5 28. bxc6
Nxc6 29. Rfb1 e4 30. Qd1 exd3 31. Qxd3 d4 32. e4 Qg6 33. Bd2 Ne5 34. Qe2 Nc5 35.
Bf4 Ned3 36. Bc7 Rxe4 37. Qa2+ Kh7 38. Nf3 Rxa4 39. Qd5 Rxa1 40. Rxa1 Ne6 41.
Qc4 Re2 42. Rf1 Qe4 43. Bd6 Rb2 44. Qc8 Qe3 45. Qc6 Nxf2 46. Ba3 Re2 47. Bc1
Ng4+ 48. Kh1 Qd3 49. Kg1 Nh2 50. Qd5 Nxf1 51. Qxh5+ Kg8 0-1

[Event "18th Neckar Open 2014"]
[Site "Deizisau GER"]
[Date "2014.04.19"]
[Round "5.8"]
[White "Moor, Roger"]
[Black "Bluebaum, Matthias"]
[Result "1/2-1/2"]
[WhiteTitle "IM"]
[BlackTitle "IM"]
[WhiteElo "2371"]
[BlackElo "2525"]
[WhiteFideId "1302590"]
[BlackFideId "24651516"]
[EventDate "2014.04.17"]

1. c4 c6 2. Nf3 d5 3. g3 dxc4 4. Bg2 Nd7 5. O-O Nb6 6. a4 a5 7. Na3 g6 8. Qc2
Bg7 9. Nxc4 Nxc4 10. Qxc4 Nf6 11. e4 O-O 12. d3 Be6 13. Qc2 Ng4 14. Bf4 h6 15.
Bd2 Qd6 16. d4 Bxd4 17. Nxd4 Qxd4 18. h3 Ne5 19. Bxh6 Rfd8 20. Rfc1 Nd3 21. Rd1
Qc5 22. Qc3 Qxc3 23. bxc3 Nc5 24. Rdb1 Rd3 25. Be3 Rxe3 26. fxe3 Bb3 27. e5 Rd8
28. Ra3 Be6 29. c4 Rd2 30. Bf1 Rc2 31. g4 Kg7 32. Raa1 Rc3 33. Re1 g5 34. Rac1
Ra3 35. Ra1 Rc3 36. Rac1 Rb3 37. Rb1 Rb4 1/2-1/2

[Event "18th Neckar Open 2014"]
[Site "Deizisau GER"]
[Date "2014.04.19"]
[Round "5.10"]
[White "Lampert, Jonas"]
[Black "Wagner, Dennis"]
[Result "1/2-1/2"]
[BlackTitle "IM"]
[WhiteElo "2367"]
[BlackElo "2465"]
[WhiteFideId "1303759"]
[BlackFideId "24650684"]
[EventDate "2014.04.17"]

1. e4 e5 2. Nf3 Nc6 3. Bb5 a6 4. Ba4 Nf6 5. O-O Be7 6. Re1 b5 7. Bb3 d6 8. c3
O-O 9. h3 Nb8 10. d4 Nbd7 11. c4 c6 12. Nc3 Qc7 13. a3 exd4 14. Nxd4 Ne5 15.
cxb5 axb5 16. Bg5 h6 17. Bf4 b4 18. Na4 bxa3 19. bxa3 Re8 20. Nb2 Bf8 21. Qc2 c5
22. Nb5 Qb8 23. a4 Bd7 24. Rad1 Bc6 25. f3 1/2-1/2

[Event "18th Neckar Open 2014"]
[Site "Deizisau GER"]
[Date "2014.04.19"]
[Round "5.11"]
[White "Skembris, Spyridon"]
[Black "Schlecht, Daniel"]
[Result "1/2-1/2"]
[WhiteTitle "GM"]
[WhiteElo "2451"]
[BlackElo "2363"]
[WhiteFideId "4200020"]
[BlackFideId "4623959"]
[EventDate "2014.04.17"]

1. c4 c6 2. Nf3 d5 3. d4 Nf6 4. e3 Bf5 5. Nc3 e6 6. Bd3 Bxd3 7. Qxd3 Nbd7 8. O-O
Be7 9. e4 dxe4 10. Nxe4 Nxe4 11. Qxe4 O-O 12. Bf4 Qb6 13. Qe2 Rfe8 14. Rfd1 a5
15. Qc2 Rac8 16. Rd3 c5 17. d5 exd5 18. Rxd5 Nf8 19. Rad1 Ne6 20. Be5 Rcd8 21.
Qa4 Qb4 22. Qc2 b5 23. b3 bxc4 24. bxc4 a4 25. h3 Qa5 26. Qe4 Qa6 27. h4 Nf8 28.
Qg4 g6 29. Qf4 Ne6 30. Qc1 Bf8 31. h5 Qb6 32. hxg6 hxg6 33. Qc2 Bg7 34. Rxd8
Rxd8 35. Rxd8+ Qxd8 36. Bxg7 Kxg7 37. Qxa4 Qd3 38. Qb3 Qe4 39. a4 g5 40. Qe3
Qxc4 41. Nxg5 Nxg5 42. Qxg5+ Kf8 43. a5 Qc3 44. a6 Qa1+ 45. Kh2 Qxa6 46. Qxc5+
Kg7 47. Qg5+ Kf8 48. f4 Qd6 49. Kh3 Qd3+ 50. Kh4 Qh7+ 51. Kg4 Qd3 52. Kh5 Qe2+
53. Kh6 Qe6+ 54. Kh7 Qe4+ 55. f5 Ke8 56. Kg8 Qd5 57. Qe3+ Kd7 58. Qf3 Qc4 59.
Kg7 Kd6 60. g4 Ke5 61. Qe3+ Kd6 62. g5 Qd5 63. Kf6 Kc6 64. Qe8+ Kb6 65. Qxf7
Qd4+ 66. Kg6 Qd3 67. Qe6+ Ka5 68. Kg7 Qg3 69. g6 Qc7+ 70. Qf7 Qe5+ 71. f6 Qd4
72. Qe7 Qc3 73. Qd8+ Ka6 74. Kg8 Qg3 75. Qd3+ Qxd3 1/2-1/2

[Event "18th Neckar Open 2014"]
[Site "Deizisau GER"]
[Date "2014.04.19"]
[Round "5.12"]
[White "Seres, Lajos"]
[Black "Thinius, Marco"]
[Result "0-1"]
[WhiteTitle "GM"]
[BlackTitle "IM"]
[WhiteElo "2457"]
[BlackElo "2345"]
[WhiteFideId "701254"]
[BlackFideId "4613112"]
[EventDate "2014.04.17"]

1. d4 Nf6 2. Nf3 e6 3. c4 Nc6 4. g3 d5 5. Bg2 Bb4+ 6. Bd2 a5 7. Qc2 dxc4 8. Qxc4
Qd5 9. Qd3 O-O 10. Nc3 Bxc3 11. bxc3 Qe4 12. Qb5 a4 13. Rc1 Qd5 14. Qb1 Qc4 15.
e4 Na5 16. Bf4 b6 17. Ne5 Qa6 18. Bf1 Qb7 19. Bd3 c5 20. O-O Rd8 21. Nf3 h6 22.
Rfd1 c4 23. Bc2 b5 24. Ne5 Nc6 25. Nxc6 Qxc6 26. Re1 Bb7 27. Qb4 g5 28. Bd2 e5
29. Be3 Nxe4 30. d5 Qxd5 31. Qe7 Rd7 0-1

[Event "18th Neckar Open 2014"]
[Site "Deizisau GER"]
[Date "2014.04.19"]
[Round "5.13"]
[White "Gutman, Lev"]
[Black "Osmanodja, Filiz"]
[Result "1-0"]
[WhiteTitle "GM"]
[BlackTitle "WIM"]
[WhiteElo "2449"]
[BlackElo "2269"]
[WhiteFideId "4600177"]
[BlackFideId "24633569"]
[EventDate "2014.04.17"]

1. Nf3 Nf6 2. g3 b5 3. Bg2 Bb7 4. O-O e6 5. c3 c5 6. d3 d5 7. a4 b4 8. cxb4 cxb4
9. a5 Bd6 10. a6 Bc6 11. e4 dxe4 12. Nd4 O-O 13. dxe4 e5 14. Nf5 Bc5 15. Qc2 Qb6
16. Nd2 Bb5 17. Nc4 Qe6 18. b3 Rc8 19. Bb2 g6 20. Ra5 Bxc4 21. bxc4 Nfd7 22. Rd1
Nc6 23. Rxc5 Nxc5 24. Rd6 Qe8 25. Qd2 Ne6 26. Nh6+ Kf8 27. Ng4 Ke7 28. Qd5 Rd8
29. c5 Ncd4 30. Nxe5 Nb5 31. Nc6+ Qxc6 32. Qxc6 Nxd6 33. cxd6+ 1-0

[Event "18th Neckar Open 2014"]
[Site "Deizisau GER"]
[Date "2014.04.19"]
[Round "5.14"]
[White "Rosner, Jonas"]
[Black "Enchev, Ivajlo"]
[Result "1/2-1/2"]
[WhiteTitle "FM"]
[BlackTitle "IM"]
[WhiteElo "2349"]
[BlackElo "2443"]
[WhiteFideId "24608513"]
[BlackFideId "2907712"]
[EventDate "2014.04.17"]

1. c4 c5 2. g3 Nc6 3. Bg2 g6 4. Nc3 Bg7 5. Nf3 d6 6. O-O Nh6 7. a3 Nf5 8. d3 Qd7
9. Rb1 b6 10. Bd2 Bb7 11. b4 O-O 12. e3 e6 13. Qc2 Rfd8 14. Rfd1 Rac8 15. Ne2
Ne5 16. Nxe5 Bxe5 17. Bc3 Bxg2 18. Kxg2 Qc6+ 19. Kg1 Qf3 20. bxc5 Bxc3 21. Nxc3
dxc5 1/2-1/2

[Event "18th Neckar Open 2014"]
[Site "Deizisau GER"]
[Date "2014.04.20"]
[Round "6.2"]
[White "Rapport, Richard"]
[Black "Gutman, Lev"]
[Result "1-0"]
[WhiteTitle "GM"]
[BlackTitle "GM"]
[WhiteElo "2698"]
[BlackElo "2449"]
[WhiteFideId "738590"]
[BlackFideId "4600177"]
[EventDate "2014.04.17"]

1. b3 Nf6 2. Bb2 c5 3. e3 Nc6 4. Nf3 d5 5. Bb5 Bg4 6. h3 Bh5 7. g4 Bg6 8. Ne5
Qd6 9. f4 d4 10. Na3 Be4 11. O-O a6 12. Nac4 Qc7 13. Bxc6+ Bxc6 14. exd4 cxd4
15. Bxd4 b5 16. Nxc6 Qxc6 17. Ne5 Qd5 18. Be3 e6 19. c4 Qe4 20. g5 Ng8 21. cxb5
axb5 22. Qh5 g6 23. Qe2 Qd5 24. a4 Rb8 25. axb5 Bc5 26. Qc4 1-0

[Event "18th Neckar Open 2014"]
[Site "Deizisau GER"]
[Date "2014.04.20"]
[Round "6.3"]
[White "Piorun, Kacper"]
[Black "Laznicka, Viktor"]
[Result "0-1"]
[WhiteTitle "GM"]
[BlackTitle "GM"]
[WhiteElo "2580"]
[BlackElo "2673"]
[WhiteFideId "1130420"]
[BlackFideId "316385"]
[EventDate "2014.04.17"]

1. d4 Nf6 2. c4 e6 3. Nc3 Bb4 4. e3 c5 5. Bd3 Nc6 6. Nf3 Bxc3+ 7. bxc3 d6 8. e4
e5 9. d5 Ne7 10. Nh4 h6 11. f3 g5 12. Nf5 Nxf5 13. exf5 Qe7 14. Qe2 Bd7 15. Be4
O-O-O 16. g4 Rdg8 17. h4 gxh4 18. Be3 Qd8 19. Bf2 h5 20. Rxh4 hxg4 21. fxg4 Nxe4
22. Rxh8 Rxh8 23. Qxe4 Qa5 24. Rc1 Qxa2 25. Kf1 Ba4 26. Kg2 Bb3 27. Kg3 Bxc4 0-1

[Event "18th Neckar Open 2014"]
[Site "Deizisau GER"]
[Date "2014.04.20"]
[Round "6.4"]
[White "Iturrizaga Bonelli, Eduardo"]
[Black "Epishin, Vladimir"]
[Result "1/2-1/2"]
[WhiteTitle "GM"]
[BlackTitle "GM"]
[WhiteElo "2635"]
[BlackElo "2546"]
[WhiteFideId "3901211"]
[BlackFideId "4162714"]
[EventDate "2014.04.17"]

1. Nf3 Nf6 2. c4 e6 3. Nc3 d5 4. d4 Nbd7 5. cxd5 exd5 6. Bf4 c6 7. Qc2 Be7 8. h3
Nf8 9. e3 Ne6 10. Be5 g6 11. Bd3 O-O 12. O-O-O c5 13. dxc5 Nxc5 14. g4 Be6 15.
Nd4 Rc8 16. Bxf6 Bxf6 17. f4 Re8 18. Kb1 Bd7 19. Qf2 Na4 20. Nxa4 Bxa4 21. Rd2
Qe7 22. Re2 Qb4 23. Rd2 1/2-1/2

[Event "18th Neckar Open 2014"]
[Site "Deizisau GER"]
[Date "2014.04.20"]
[Round "6.5"]
[White "Thinius, Marco"]
[Black "Bachmann, Axel"]
[Result "0-1"]
[WhiteTitle "IM"]
[BlackTitle "GM"]
[WhiteElo "2345"]
[BlackElo "2598"]
[WhiteFideId "4613112"]
[BlackFideId "3700488"]
[EventDate "2014.04.17"]

1. c4 e5 2. g3 Nc6 3. Nc3 Bc5 4. Bg2 d6 5. e3 Bf5 6. d3 a6 7. Nge2 Ba7 8. a3 Qd7
9. h3 Nge7 10. b4 O-O 11. Bb2 Be6 12. Nd5 Rab8 13. Qd2 f6 14. a4 Nd8 15. b5 c6
16. Nxe7+ Qxe7 17. O-O Qd7 18. Kh2 Nf7 19. Bc3 Rbc8 20. bxa6 bxa6 21. Rfb1 h5
22. f4 d5 23. cxd5 cxd5 24. Bb4 Rfe8 25. Ba5 Rb8 26. Rxb8 Rxb8 27. Bc3 d4 28.
exd4 exd4 29. Ba5 Bd5 30. Ng1 Bxg2 31. Qxg2 Qf5 32. Bc7 Rc8 33. Qb7 Bc5 34. Re1
Qd7 0-1